Statystyki dla 50 pytań o Polsce

Kliknij tutaj aby rozwiązać quiz!

Ogólne statystyki

  • Ten quiz został rozwiązany 10 395 razy
    (9 088 od ostatniego zresetowania)
  • Średni wynik to 32 z 50

Statystyki odpowiedzi

PytanieOdpowiedź% Poprawnych
Jaka jest stolica Polski?Warszawa
100%
Jak nazywają się kraje graniczące z Polską?Niemcy
96%
Jak nazywają się kraje graniczące z Polską?Rosja
95%
Jak nazywają się kraje graniczące z Polską?Ukraina
95%
Jak nazywają się kraje graniczące z Polską?Czechy
94%
Jak nazywa się język urzędowy?polski
94%
Na co podzielona jest Polska?Województwa
94%
Ile ich ma?16
93%
Jak nazywa się obecny prezydent Polski?Andrzej Duda
93%
Jakie jest drugie najbardziej zaludnione
miasto?
Kraków
93%
Jak nazywają się kraje graniczące z Polską?Litwa
93%
Jak nazywają się kraje graniczące z Polską?Słowacja
93%
Jak nazywają się kraje graniczące z Polską?Białoruś
92%
Jak nazywają się najdłuższe rzeki?Wisła
87%
Jak nazywa sie premier Polski?Mateusz
Morawiecki
86%
Jak nazywa się morze graniczące z Polską?Morze
{Bałtyckie}
86%
Jak nazywa się waluta Polski?Złoty
85%
Jak nazywa się dawne wolne miasto,
które przez Niemców było nazywane "Danzig"?
Gdańsk
83%
Jak nazywają się najdłuższe rzeki?Odra
82%
W którym roku był chrzest Polski?966
79%
Z jakimi państwami Polska graniczy poprzez
morze teryorialne?
(Nie licząc krajów graniczących)
Szwecja
78%
Jakie jest trzecie najbardziej zaludnione
miasto?
Łódź
75%
Jak nazywa się hymn Polski?Mazurek
Dąbrowskiego
74%
Z jakimi państwami Polska graniczy poprzez
morze teryorialne?
(Nie licząc krajów graniczących)
Dania
73%
Jak nazywa się odkrywczyni radu i
pierwsza kobieta, która wygrała Nagrodę Nobla
Maria
Skłodowska
Curie
73%
Jak nazywa się pierwszy władca Polski?Mieszko I
73%
Jak nazywa się pierwszy król Polski?Bolesław I Chrobry
72%
Jak nazywa się kod samochodowy Polski?PL
72%
Do jakiej wielkiej organizacji międzynarodowej
Polska dołączyła w 1999?
NATO
70%
Jak nazywa się twórca heliocentrycznej
teorii Układu Słonecznego?
Mikołaj Kopernik
69%
Jak nazywa się najwyższa góra w Polsce?Rysy
65%
Jak nazywają się główne pasma górskie?Karpaty
58%
Jak nazywa się największe jezioro w Polsce?
(według ha)
Śniardwy
56%
Jak nazywają się główne pasma górskie?Sudety
54%
Jak nazywa się ostatni król Polski?Stanisław
August
Poniatowski
51%
Ludność w 1931 r. (w mln)32
50%
Jak nazywa się najbardziej ruchliwa droga?A4
48%
Jak nazywa się najgłębsze jezioro w Polsce?Hańcza
40%
Z jakim państwem Polska zawiązało
unię personalną w 1385?
{Wielkie Księstwo}
Litewskie
39%
Jak nazywa się druga największa grupa
etniczna?
Ślązacy
35%
Jak nazywa się najbardziej
na północ wysunięte miasto?
Jastrzębia Góra
28%
KonstytucjaKonstytucja
2 kwietnia 1997
18%
Jak nazywa się najbardziej zaludniona jednostka
podziału administracyjnego pierwszego stopnia?
mazowieckie
17%
Jak nazywa się 2 król Polski?Mieszko II
Lambert
17%
W jakim mieście została podpisana
unia personalna z powyższym państwem?
Krewo
15%
Jak nazywa się najmniej zaludniona jednostka
podziału administracyjnego pierwszego stopnia?
opolskie
13%
Jak nazywa się najbardziej
na południe wysunięty powiat?
Powiat
{bieszczadzki}
13%
Jak nazywa się 2 najwyższa góra?{Mięguszowiecki}
Szczyt
8%
Jak nazywa się gmina, w
której językiem pomocniczym jest litewski?
Puńsk
8%
Jak nazywa się najbardziej
zaludniona aglomeracja?
Konurbacja
górnośląska
5%

Rozkład punktacji

Percentyl według liczby udzielonych odpowiedzi

Procent ludzi z każdym wynikiem

Twoja historia wyników

Nie rozwiązałeś tego quizu od ostatniego zresetowania